[Event "TCh-AUT 2 Mitte 2011-12"]
[Site "St Valentin AUT"]
[Date "2011.10.22"]
[Round "2"]
[White "Jovanovic,Zo CRO"]
[Black "Danner,G"]
[Result "1/2-1/2"]
[WhiteElo "2589"]
[BlackElo "2408"]

1.e4 c5 2.Nc3 Nc6 3.Bb5 Nd4 4.Bc4 e6 5.Nge2 a6 6.Nxd4 cxd4 7.Ne2 Nf6 8.d3 Bc5
9.O-O d5 10.exd5 Nxd5 11.Nf4 Nxf4 12.Bxf4 Bd6 13.Bxd6 Qxd6 14.Qh5 Bd7 15.Rae1 O-O
16.Re4 Rad8 17.Rfe1 h6 18.Qh4 Bc8 19.Bb3 Kh7 20.Re5 Qc7 21.f4 Rd6 22.Qf2 b5
23.a4 bxa4 24.Bxa4 Qb6 25.Bb3 Bd7 26.Qd2 Rb8 27.Qa5 Qxa5 28.Rxa5 Bb5 29.Ra3 Rbb6
30.Kf2 g6 31.Re5 Kg7 32.Ke1 Kf6 33.h4 Ke7 34.Kd2 h5 35.Ra2 Kf6 36.Bc4 Bd7
37.b3 Bc8 38.Raa5 Bb7 39.g3 Ke7 40.Re1 Kf6 41.Kc1 Bc8 42.Kb2 Bd7 43.Ree5 Ke7
44.Rec5 Kd8 45.c3 dxc3+ 46.Kxc3 Bc8 47.d4 Bb7 48.Re5 Rd7 49.Re2 Rbd6 50.Rd2 Ke7
51.Rc5 Kf6 52.Ra5 Rd8 53.Rd3 Be4 54.Rd1 Bb7 55.Rd2 R8d7  1/2-1/2

[Event "TCh-SVK Extraliga 2011-12"]
[Site "Slovakia SVK"]
[Date "2011.10.23"]
[Round "2"]
[White "Kovacik,E"]
[Black "Zetocha,C"]
[Result "0-1"]
[WhiteElo "2222"]
[BlackElo "2355"]

1.e4 c5 2.Nc3 Nc6 3.Nge2 d6 4.g3 g6 5.d4 cxd4 6.Nxd4 Bg7 7.Be3 Nf6 8.h3 Bd7
9.Bg2 O-O 10.O-O Ne5 11.Qe2 Qc8 12.Kh2 Nc4 13.Bc1 e5 14.Nb3 b5 15.Nd2 Na3
16.Ndb1 Nxb1 17.Rxb1 b4 18.Nd1 Qb7 19.c4 Bc6 20.Re1 Nd7 21.Qc2 Nc5 22.b3 f5
23.f3 fxe4 24.fxe4 Rf7 25.Nf2 Raf8 26.Be3 Ne6 27.Qd2 Nd4 28.Bxd4 exd4 29.Nd3 a5
30.Re2 Re8 31.Rbe1 Qc7 32.Nf4 Be5 33.Nd3 Ref8 34.Rf2 Rxf2 35.Nxf2 d5 36.Nh1 dxc4
37.bxc4 Bd7 38.Rc1 Be6 39.Rc2 Rb8 40.Bf1 a4 41.Bd3 b3 42.axb3 axb3 43.Rb2 Bxc4
44.Bxc4+ Qxc4 45.Qa5 Qb5 46.Qd2 d3 47.Rb1 Qc4 48.Rc1 Qxe4 49.Re1 Qf5 50.Nf2 b2
51.Nxd3 Rd8 52.Qb4 Bxg3+ 53.Kxg3 Rxd3+ 54.Kg2 Qxh3+ 55.Kg1 Rg3+ 56.Kf2 Qg2+  0-1

[Event "26th Le Touquet Open"]
[Site "Le Touquet FRA"]
[Date "2011.10.24"]
[Round "3.27"]
[White "Martin,Ax"]
[Black "Vigneron,Q"]
[Result "1-0"]
[WhiteElo "2023"]
[BlackElo "2000"]

1.e4 c5 2.Nc3 Nc6 3.Bb5 Nd4 4.Bc4 d6 5.Nge2 Nxe2 6.Qxe2 g6 7.e5 Bg7 8.Qf3 Nh6
9.Bb5+ Bd7 10.Qxb7 Bxb5 11.Qxb5+ Qd7 12.exd6 exd6 13.O-O Qxb5 14.Nxb5 Kd7
15.Nc3 Nf5 16.Nd5 Nd4 17.c3 Ne2+ 18.Kh1 Rab8 19.b3 Nxc1 20.Raxc1 Rhe8 21.Rfe1 Re6
22.Kg1 a5 23.Rf1 a4 24.bxa4 Kc6 25.Ne7+ Kd7 26.Nd5 Kc6 27.c4 Rb2 28.Rb1 Rxa2
29.Rb6+ Kd7 30.Rb7+ Ke8  1-0

[Event "World Youth U16 Ol"]
[Site "Kocaeli TUR"]
[Date "2011.10.25"]
[Round "3.3"]
[White "Asgarizadeh,A"]
[Black "Oberholzer,Francois"]
[Result "1-0"]
[WhiteElo "2228"]
[BlackElo "1729"]

1.e4 c5 2.Nc3 Nc6 3.Nf3 Nf6 4.d4 cxd4 5.Nxd4 e5 6.Ndb5 d6 7.Bg5 a6 8.Na3 b5
9.Bxf6 gxf6 10.Nd5 Bg7 11.c4 Be6 12.cxb5 Nd4 13.Nc3 O-O 14.Bd3 f5 15.exf5 Bxf5
16.Bxf5 Nxf5 17.O-O Nd4 18.bxa6 Rxa6 19.Nc4 d5 20.Ne3 Rd6 21.a4 f5 22.f3 Kh8
23.a5 f4 24.Nexd5 Rxd5 25.Nxd5 Qxd5 26.Qd3 Qc5 27.Kh1 Ra8 28.a6 Qb6 29.Qc4 Qb3
30.Qc7 Qb5 31.Qb7 Qc6 32.Rfc1 Qe8 33.a7 Bf8 34.Rc7 e4 35.Rxh7+ Kg8 36.Rh4  1-0

[Event "26th Le Touquet Open"]
[Site "Le Touquet FRA"]
[Date "2011.10.25"]
[Round "5.25"]
[White "Clement,A"]
[Black "Renard,S"]
[Result "1-0"]
[WhiteElo "1996"]
[BlackElo "1979"]

1.e4 c5 2.Nc3 Nc6 3.Bb5 d6 4.Bxc6+ bxc6 5.d3 g6 6.f4 Bg7 7.Nf3 e6 8.O-O Ne7
9.Qe1 O-O 10.Kh1 Ba6 11.Be3 c4 12.d4 Rb8 13.Rb1 Qa5 14.Nd5 Qd8 15.Nxe7+ Qxe7
16.c3 f5 17.e5 d5 18.Qf2 Rb7 19.Rbe1 Rbb8 20.Bc1 Rb5 21.h3 Ra5 22.a3 Rb5
23.g4 h6 24.Qg3 Kh7 25.Rg1 Rg8 26.gxf5 gxf5 27.Qg6+ Kh8 28.Ng5 hxg5 29.Rxg5 Rgb8
30.Reg1 R5b7 31.Rh5+ Kg8 32.Rh7 Bb5 33.Qh5 Kf8 34.Rh8+ Bxh8 35.Qxh8+  1-0

[Event "19th Skopje Open"]
[Site "Skopje MKD"]
[Date "2011.10.25"]
[Round "2"]
[White "Markovic,Ma"]
[Black "Nedev,Tr"]
[Result "0-1"]
[WhiteElo "2285"]
[BlackElo "2493"]

1.e4 c5 2.Nc3 Nc6 3.Bb5 Nd4 4.Bc4 e6 5.Nge2 Nf6 6.O-O a6 7.d3 b5 8.Bb3 Nc6
9.Bg5 Be7 10.f4 h6 11.Bxf6 gxf6 12.f5 Qb6 13.Kh1 Bb7 14.Nf4 O-O-O 15.a4 Nd4
16.axb5 Nxb3 17.cxb3 axb5 18.Qh5 Rh7 19.Qh3 Kb8 20.Qh4 b4 21.Nce2 Qd6 22.Rad1 Qe5
23.d4 Qxe4 24.Ng3 Qc2 25.d5 e5 26.Nfe2 d6 27.Qc4 Qxc4 28.bxc4 h5 29.Ne4 h4
30.Ng1 Rh5 31.Rf3 Kc7 32.Ra1 Rg8 33.h3 Rhh8 34.b3 Ra8 35.Rxa8 Rxa8 36.Kh2 Ra1
37.Ne2 Re1 38.Rf2 Bc8 39.g4 hxg3+ 40.N4xg3 Bf8 41.Kg2 Rb1 42.Rf3 Kd8 43.Ne4 Ke7
44.N2g3 Rb2+ 45.Nf2 Bh6 46.Kg1 Bd2 47.Nfe4 Bc3 48.h4 Rxb3 49.Kg2 Rb2+ 50.Kh3 Bd2
51.Rf2 Bc1 52.Rf1 Rc2  0-1

[Event "1st Central Asia Cup"]
[Site "Tashkent UZB"]
[Date "2011.10.25"]
[Round "8.15"]
[White "Galyamov,V"]
[Black "Isaev,J"]
[Result "1/2-1/2"]
[WhiteElo "2199"]
[BlackElo "2385"]

1.e4 c5 2.Nf3 Nc6 3.Nc3 Nf6 4.g3 d5 5.exd5 Nxd5 6.Bg2 Bg4 7.h3 Bh5 8.O-O e6
9.d3 Be7 10.Re1 O-O 11.Nxd5 exd5 12.Bf4 Qb6 13.Qd2 Qxb2 14.g4 Bg6 15.Ne5 Bf6
16.Rab1 Qa3 17.Bxd5 Rad8 18.Bg2 Nxe5 19.Bxe5 Bxe5 20.Rxe5 Qxa2 21.Qc1 Qa5
22.Rxb7 Rfe8 23.Qb2 h6 24.Bc6 Rxe5 25.Qxe5 Qa3 26.Kg2 c4 27.Qc7 Rf8 28.dxc4 a5
29.Ra7 Qc3 30.Bd5 Qxc2 31.Qe7 a4 32.c5 Qd3 33.Rd7 Qa3 34.c6 Qxe7 35.Rxe7 Rc8
36.Ra7 Kf8 37.f4 f6 38.Rxa4 Be8 39.Ra6 Ke7 40.Kf3 Kd6 41.Ke4 Rc7 42.h4 Kc5
43.Ra5+ Kd6 44.Kd4 Re7 45.Be4 Bxc6 46.Bxc6 Kxc6 47.Ra6+ Kc7 48.Kd5  1/2-1/2

[Event "World Youth U16 Ol"]
[Site "Kocaeli TUR"]
[Date "2011.10.26"]
[Round "4.2"]
[White "Emiroglu,C"]
[Black "Javanbakht,N"]
[Result "0-1"]
[WhiteElo "2242"]
[BlackElo "2311"]

1.e4 c5 2.Nf3 Nc6 3.Nc3 e5 4.Bc4 Be7 5.d3 d6 6.Nd2 Nf6 7.Nf1 Bg4 8.f3 Be6
9.Ne3 O-O 10.O-O Nh5 11.Ned5 Bg5 12.g4 Nf4 13.Nxf4 exf4 14.Nd5 b5 15.Bxb5 Bxd5
16.exd5 Ne7 17.c4 f5 18.Qe1 fxg4 19.Qe6+ Kh8 20.fxg4 Ng6 21.Bd2 Ne5 22.Rae1 f3
23.Bc3 f2+ 24.Rxf2 Rxf2 25.Rxe5 dxe5 26.Kxf2 Bf4 27.d6 Qh4+ 28.Ke2 Qh3 29.d7 Qe3+
30.Kd1 Qxd3+ 31.Ke1 Rf8 32.Qe8 Bd2+  0-1

[Event "26th Le Touquet Open"]
[Site "Le Touquet FRA"]
[Date "2011.10.26"]
[Round "7.4"]
[White "Safranska,A"]
[Black "Van Oosterom,C"]
[Result "0-1"]
[WhiteElo "2274"]
[BlackElo "2389"]

1.e4 c5 2.Nc3 Nc6 3.Bb5 Nd4 4.Bc4 a6 5.Nge2 b5 6.Bd5 Rb8 7.Nxd4 cxd4 8.Ne2 Nf6
9.Bb3 Nxe4 10.Nxd4 e6 11.c3 Bb7 12.O-O Bd6 13.Qg4 O-O 14.d3 Nf6 15.Qh3 Rc8
16.Bd1 Rc5 17.Nb3 Rc7 18.Bg5 Be7 19.Re1 Qa8 20.Re3 Nd5 21.Bxe7 Nxe7 22.d4 Ng6
23.Qg3 Rfc8 24.Nc5 Bc6 25.Nd3 a5 26.a3 Bd5 27.f4 Ne7 28.Bg4 Be4 29.Qf2 Nf5
30.Rh3 Qd5 31.Nc5 Nd6 32.Rh5 f5 33.Be2 Rf8 34.Bf1 Rf6 35.Qh4 h6 36.Qg3 Kh7
37.Nxe4 Nxe4 38.Qd3 b4 39.axb4 axb4 40.Rc1 Rf8 41.Qe3 Qb3 42.Bd3 bxc3 43.bxc3 Rxc3
44.Rxc3 Qxc3 45.Rh3 Qa1+ 46.Bf1 Rc8 47.d5 Rc1 48.Rf3 Re1 49.Qd3 Qa7+  0-1

[Event "26th Le Touquet Open"]
[Site "Le Touquet FRA"]
[Date "2011.10.26"]
[Round "7.20"]
[White "Roger,M"]
[Black "Renard,S"]
[Result "1/2-1/2"]
[WhiteElo "2153"]
[BlackElo "1979"]

1.e4 c5 2.Nc3 Nc6 3.Nge2 Nf6 4.g3 d5 5.exd5 Nxd5 6.Bg2 e6 7.Nxd5 exd5 8.O-O Be7
9.Nf4 d4 10.Nd5 O-O 11.Nxe7+ Qxe7 12.Re1 Be6 13.d3 Qd7 14.a3 Bd5 15.Bf4 Bxg2
16.Kxg2 Rfe8 17.Qh5 b6 18.h4 Rxe1 19.Rxe1 Re8 20.Rxe8+ Qxe8 21.Qd5 Qe6 22.Qxe6 fxe6
23.g4 Kf7 24.Kf3 e5 25.Bg3 Ke6 26.Ke4 g6 27.f4 exf4 28.Bxf4 Ne7 29.c4 dxc3
30.bxc3 Nd5 31.Bd2 a6 32.c4 Ne7 33.Kf4 b5 34.Kg5 bxc4 35.dxc4 h5 36.gxh5 gxh5
37.Be3 Nc6 38.Bxc5 Ne5 39.Kxh5 Kf7 40.Kg5 Nxc4 41.Kf5 Nd2 42.h5 Kg7 43.Bd4+ Kh7
44.Be3 Nc4 45.Bc1 Nd6+ 46.Kf6 Nc4 47.Kf5 Nd6+ 48.Kg4 Nc4 49.a4 Nb6 50.Be3 Nd5
51.Bd4 Kh6 52.Kh4 Nc7 53.Be3+ Kh7 54.Kg5 Nd5 55.Bd4 Nb4 56.Kf5 Kh6 57.Ke6 Kxh5
58.Kd6 Kg6 59.Kc5 Nd3+ 60.Kb6 Kf5 61.Kxa6 Ke4  1/2-1/2

[Event "26th Le Touquet Open"]
[Site "Le Touquet FRA"]
[Date "2011.10.26"]
[Round "7.19"]
[White "Martin,Ax"]
[Black "Devoille,H"]
[Result "1-0"]
[WhiteElo "2023"]
[BlackElo "1834"]

1.e4 c5 2.Nc3 Nc6 3.Bb5 Nd4 4.Bc4 e6 5.Nf3 Nf6 6.O-O a6 7.d3 b5 8.Bb3 Nxb3
9.axb3 d6 10.Nxb5 Bb7 11.Nc3 Be7 12.Re1 O-O 13.h3 d5 14.exd5 exd5 15.d4 h6
16.dxc5 Bxc5 17.Be3 Bxe3 18.Rxe3 Rc8 19.Nd4 Re8 20.Rxe8+ Qxe8 21.Qe2 Qd7
22.Re1 Re8 23.Qd2 Ne4 24.Qd3 Nc5 25.Rxe8+ Qxe8 26.Qe2 Qd7 27.Qe5 Kh8 28.f3 f6
29.Qe3 Qd6 30.Kf2 Nd7 31.Nf5 Qc5 32.Qxc5 Nxc5 33.Ke3 Ne6 34.Nd4 Nc7 35.Na4 g6
36.Nc5 Bc8 37.Nc6 Kg7 38.Ne7 Ne6 39.Nxe6+ Bxe6 40.Kd4 Kf7 41.Nxd5  1-0

[Event "Banicky kahanec 2011"]
[Site "Zajezova SVK"]
[Date "2011.10.27"]
[Round "5"]
[White "Meszaros,Mi"]
[Black "Markos,J"]
[Result "1/2-1/2"]
[WhiteElo "2377"]
[BlackElo "2596"]

1.e4 c5 2.Nf3 Nc6 3.Nc3 Nf6 4.d4 cxd4 5.Nxd4 e5 6.Ndb5 d6 7.Bg5 a6 8.Na3 b5
9.Bxf6 gxf6 10.Nd5 Bg7 11.Bd3 Ne7 12.Nxe7 Qxe7 13.O-O O-O 14.c4 f5 15.Qf3 bxc4
16.Nxc4 d5 17.exd5 e4 18.Qe3 Bb7 19.d6 Qf6 20.Bc2 f4 21.Qh3 Rac8 22.b3 Rc5
23.Rad1 Qg6 24.d7 Rh5 25.Qf3 exf3 26.Bxg6 hxg6 27.d8=Q fxg2 28.Rfe1 Rxd8
29.Rxd8+ Kh7 30.Re7 Bd5 31.Rxd5 Rxd5 32.Rxf7 Rd1+ 33.Kxg2 Ra1 34.a3 g5 35.h3 Ra2
36.Ra7 Kg8 37.Ra8+ Kh7 38.Ra7 Kg8 39.Rd7 Bc3 40.Rd3 Be1 41.Rf3 Rc2 42.Kf1 Bc3
43.h4 Bf6 44.hxg5 Bxg5 45.Kg2 Kg7 46.Rd3 Be7 47.a4 Kg6 48.Kf3 Bb4 49.Nd6 Rb2
50.Nc4 Rc2 51.Kxf4 Rxf2+ 52.Ke5 Kf7 53.Kd5 Rf6 54.Re3 Be7 55.a5 Ke8 56.Re6 Rxe6
57.Kxe6 Bb4 58.Kd5 Kd7 59.Ne5+ Kc7 60.Nc6 Be1 61.Kc5 Bf2+ 62.Kd5 Be1 63.b4 Bd2
64.Kc5 Be3+ 65.Nd4 Bxd4+ 66.Kxd4 Kd6 67.Kc3 Kc7 68.Kd3 Kd7 69.Kc3 Kc7 70.Kd4 Kd6
71.b5 axb5 72.a6 Kc6 73.a7 Kb7 74.Kc5 Ka8 75.Kxb5 Kb7 76.a8=Q+ Kxa8  1/2-1/2

[Event "33rd Arco Open"]
[Site "Arco ITA"]
[Date "2011.10.28"]
[Round "7"]
[White "Rivara,M"]
[Black "Bergen,K"]
[Result "1/2-1/2"]
[WhiteElo "1834"]
[BlackElo "1954"]

1.e4 c5 2.Nf3 Nc6 3.Nc3 e6 4.Bc4 d6 5.d4 cxd4 6.Nxd4 Nf6 7.Bb3 Be7 8.O-O Na5
9.Be3 O-O 10.Qe2 a6 11.Rfd1 Qc7 12.f3 Bd7 13.Qf2 Nc4 14.Bxc4 Qxc4 15.Nb3 b5
16.Rd4 Qc7 17.Rd2 Bc6 18.Bb6 Qc8 19.Rad1 Nd7 20.Be3 Qc7 21.Bf4 Ne5 22.Bxe5 dxe5
23.Qg3 Rad8 24.h3 Rxd2 25.Rxd2  1/2-1/2

[Event "Frauenbundesliga 2011-12"]
[Site "Germany GER"]
[Date "2011.10.29"]
[Round "1.2"]
[White "Kochetkova, Julia"]
[Black "Savina, Anastasia"]
[Result "1/2-1/2"]
[WhiteElo "2260"]
[BlackElo "2336"]

1.e4 c5 2.Nc3 Nc6 3.Bb5 Nd4 4.Bc4 g6 5.Nf3 Bg7 6.Nxd4 cxd4 7.Qf3 f5 8.Ne2 Qa5
9.O-O e6 10.exf5 Qxf5 11.Qxf5 gxf5 12.d3 Ne7 13.Bf4 d5 14.Bb3 Bd7 15.Rfe1 Kf7
16.Bd6 Nc6 17.Nf4 Rhe8 18.Re2 Na5 19.Be5 Bxe5 20.Rxe5 Rac8 21.Rae1 Nxb3 22.cxb3 Rc2
23.R1e2 Rc1+ 24.Re1 Rc2 25.R1e2 Rc1+ 26.Re1 Rc2 27.R1e2  1/2-1/2

[Event "8th Lippe Cup"]
[Site "Lieme GER"]
[Date "2011.10.29"]
[Round "2.18"]
[White "Szobries,H"]
[Black "Neukoetter,Mo"]
[Result "1/2-1/2"]
[WhiteElo "1958"]
[BlackElo "1784"]

1.e4 c5 2.Nc3 Nc6 3.Bb5 g6 4.Bxc6 dxc6 5.d3 Bg7 6.f4 e5 7.Nf3 exf4 8.Bxf4 Ne7
9.O-O O-O 10.Qd2 f5 11.Bh6 b6 12.Bxg7 Kxg7 13.Kh1 fxe4 14.Nxe4 Nd5 15.Ne5 Be6
16.Ng5 Qd6 17.Nc4 Qd7 18.Kg1 Nf6  1/2-1/2

[Event "World Youth U16 Ol"]
[Site "Kocaeli TUR"]
[Date "2011.10.30"]
[Round "9.17"]
[White "Grover,S"]
[Black "Iovcov,V"]
[Result "1-0"]
[WhiteElo "2514"]
[BlackElo "2092"]

1.e4 c5 2.Nc3 Nc6 3.Nf3 d6 4.d4 cxd4 5.Nxd4 Nf6 6.Bg5 e6 7.Qd2 a6 8.O-O-O Be7
9.f4 Nxd4 10.Qxd4 b5 11.Bxf6 gxf6 12.Be2 Qc7 13.a3 Bb7 14.f5 Qc5 15.fxe6 fxe6
16.Qxc5 dxc5 17.Bh5+ Kf8 18.Rd7 Rb8 19.Re1 Bc6 20.Rc7 Rb6 21.Re3 b4 22.Nd5 Bxd5
23.exd5 e5 24.Rc8+  1-0

[Event "World Youth U16 Ol"]
[Site "Kocaeli TUR"]
[Date "2011.10.31"]
[Round "10.7"]
[White "Gorbanovsky,O"]
[Black "Yeap,E"]
[Result "1/2-1/2"]
[WhiteElo "1904"]
[BlackElo "2150"]

1.e4 c5 2.Nf3 Nc6 3.Nc3 e5 4.g3 d6 5.Bg2 Nge7 6.O-O Ng6 7.d3 Be7 8.Be3 O-O
9.Nd5 f5 10.exf5 Bxf5 11.Nd2 Qd7 12.Ne4 Rae8 13.c3 Bd8 14.Qd2 h6 15.Qe2 Bg4
16.Qc2 Bf3 17.Nef6+ gxf6 18.Bxf3 Qg7 19.Bh5 f5 20.f4 b6 21.Qg2 Kh7 22.Rae1 Nce7
23.Kh1 Qg8 24.Nxe7 Rxe7 25.Bf3 exf4 26.Bd5 Qg7 27.Bxf4 Nxf4 28.gxf4 Qxg2+
29.Kxg2 Rfe8 30.Rxe7+ Rxe7 31.Kf3 Re8 32.a4 Bh4 33.Rg1 Rf8 34.Rg2 Bf6 35.Re2 Kg7
36.Rg2+ Kh7 37.Be6 Bg7 38.h4 Rf6 39.Bd7 Kg8 40.h5 d5 41.Re2 d4 42.cxd4 Rd6
43.Bxf5 Rxd4 44.b3 Bf8 45.Rg2+ Kf7 46.Rg6 Bd6 47.Be4 Bf8 48.Kg4 Rd6 49.Kf5 Rxg6
50.hxg6+ Ke7 51.Ke5 Bg7+ 52.Kd5 a5 53.Kc6 Bd4 54.Kc7 Kf6 55.Kd7 Kg7 56.Ke6 Bf6
57.Kf5 Bd4 58.Ke6 Bf6 59.Kd7 Bd4 60.Kc6 Kf6 61.Kd7 Kg7 62.Ke8 Bf6 63.Kd7 Bd4
64.Ke6 Bf6 65.Kf5 Bd4 66.Kg4 Bf6 67.Kf5 Bd4 68.Ke6 Bf6 69.Kd5 Bd4 70.Kc4 Kf6
71.Kb5 Kg7  1/2-1/2

[Event "MCC Melbourne Cup Weekender"]
[Site "Melbourne AUS"]
[Date "2011.10.31"]
[Round "7.1"]
[White "Xie,G"]
[Black "Brown,An"]
[Result "1-0"]
[WhiteElo "2440"]
[BlackElo "2216"]

1.e4 c5 2.Nc3 Nc6 3.Bb5 Nd4 4.Bc4 e6 5.Nge2 a6 6.Nxd4 cxd4 7.Ne2 b5 8.Bd3 Bc5
9.O-O Bb7 10.b4 Bxb4 11.Nxd4 h5 12.a4 Nf6 13.Qe2 Bc5 14.Bb2 b4 15.Rae1 Ng4
16.h3 Qh4 17.Nf3 Qg3 18.Bc4 Nxf2 19.Rxf2 Bxf2+ 20.Qxf2 Qxf2+ 21.Kxf2 Rc8
22.Bb3 f6 23.d4 g5 24.Nd2 Kd8 25.Nc4 Bxe4 26.Rxe4 d5 27.Nd6 dxe4 28.Nxc8 Kxc8
29.Bxe6+ Kc7 30.d5 Kd6 31.Ke3 b3 32.cxb3 Rb8 33.b4 f5 34.Bc3 Rf8 35.b5 Rb8
36.bxa6 Ra8 37.Kd4 Rxa6 38.a5 g4 39.Bb4+ Kc7 40.Bxf5 gxh3 41.gxh3  1-0

[Event "38th ch-IND w 2011"]
[Site "Chennai IND"]
[Date "2011.11.05"]
[Round "7"]
[White "Divyasri,C"]
[Black "Nimmy,A"]
[Result "1-0"]
[WhiteElo "2129"]
[BlackElo "2252"]

1.e4 c5 2.Nc3 Nc6 3.Bb5 Nd4 4.Nf3 a6 5.Bc4 e6 6.Nxd4 cxd4 7.Ne2 b5 8.Bb3 Bb7
9.d3 Qb6 10.O-O Nf6 11.Ng3 d6 12.Bg5 Nd7 13.a3 Qc5 14.Qh5 Be7 15.f4 Nf6 16.Qh3 h5
17.e5 dxe5 18.fxe5 Qxe5 19.Bxf6 Qe3+ 20.Kh1 Bxf6 21.Rae1 Qg5 22.Bxe6 O-O
23.Bf5 h4 24.Ne4 Bxe4 25.Bxe4 Rac8 26.Rf5 Qh6 27.Qg4 Rxc2 28.Ref1 Re8 29.Rh5 Qd2
30.Qf5 Qe2 31.Rh8+  1-0

[Event "1st Panama Open"]
[Site "Panama City PAN"]
[Date "2011.11.05"]
[Round "6.4"]
[White "Perez Rodriguez,L"]
[Black "Corrales Jimenez,F"]
[Result "1/2-1/2"]
[WhiteElo "2475"]
[BlackElo "2578"]

1.e4 c5 2.Nf3 Nc6 3.Nc3 e5 4.Bc4 Be7 5.d3 d6 6.O-O Nf6 7.Ng5 O-O 8.f4 h6
9.Nf3 exf4 10.Bxf4 Be6 11.Nd5 Bxd5 12.exd5 Na5 13.Nh4 Qd7 14.Bd2  1/2-1/2

[Event "TCh-AUT 2 Ost 2011-12"]
[Site "Vienna AUT"]
[Date "2011.11.05"]
[Round "3"]
[White "Bachofner,C"]
[Black "Stranz,R"]
[Result "1/2-1/2"]
[WhiteElo "2065"]
[BlackElo "2196"]

1.e4 c5 2.Nf3 Nc6 3.Nc3 e5 4.Bc4 d6 5.d3 Be7 6.h3 Nf6 7.O-O O-O 8.a3 Ne8
9.Nd5 Rb8 10.c3 Nc7 11.Nxe7+ Nxe7 12.d4 Ng6 13.Bg5 Qe8 14.dxc5 dxc5 15.Qd6 Qc6
16.Qxc6 bxc6 17.Rab1 Be6 18.Bxe6 Nxe6 19.Be3 a5 20.Nd2 a4 21.Nc4 Rfc8 22.Rfd1 Rc7
23.Rd2 Kf8 24.Rbd1 Ke7 25.g3 h5 26.h4 Rb5 27.Nd6 Rb8 28.Kf1 Rb3 29.Nc4 Rb5
30.Ke2 Rb8 31.f3 f6 32.Nd6 Ngf8 33.Nc4 g6 34.f4 exf4 35.gxf4 f5 36.e5 Nd7
37.Rg1 Ndf8 38.Kd3 Rb3 39.Nd6 Rb8 40.Kc4 Rb3 41.Rf2 Kd8 42.Bxc5 Nxc5 43.Kxc5 Ra7
44.Rd1 Kc7 45.Ne8+ Kc8 46.Rfd2 Ne6+ 47.Kc4 Ra5 48.Nd6+ Kc7 49.Rf1 Rc5+ 50.Kd3 Rd5+
51.Ke3 Rxd2 52.Kxd2 Rxb2+ 53.Kd3 Rh2 54.Rb1 Rxh4 55.Rb7+ Kd8 56.Rb8+ Ke7
57.Rb7+ Kf8 58.Rb8+ Kg7 59.Rb7+ Kf8 60.Rb8+ Ke7 61.Rb7+ Kd8 62.Rb8+ Kd7 63.Rb7+ Nc7
64.Nc4 Kc8 65.Nd6+ Kd7 66.Nc4 Kc8 67.Nd6+ Kd7 68.Nc4  1/2-1/2

[Event "23rd Leuven Open"]
[Site "Leuven BEL"]
[Date "2011.11.12"]
[Round "4.4"]
[White "Colijn,S"]
[Black "Ikonnikov,Vy"]
[Result "1/2-1/2"]
[WhiteElo "2202"]
[BlackElo "2529"]

1.e4 c5 2.Nf3 Nc6 3.Nc3 Nd4 4.Nxd4 cxd4 5.Nb5 e5 6.Qh5 d6 7.Bc4 g6 8.Qf3 Be6
9.Bxe6 fxe6 10.c3 Qd7 11.Qd3 a6 12.Na3 Bg7 13.O-O Ne7 14.cxd4 exd4 15.Nc4 Rd8
16.a4 O-O 17.Qb3 d5 18.Nb6 Qc6 19.d3 Rd6 20.a5 dxe4 21.Bd2 Nd5 22.Rac1 Qb5
23.Qxb5 axb5 24.Nxd5 Rxd5 25.dxe4 Rd7 26.Rc5 d3 27.e5 Rf5 28.f4 b4 29.g3 Bf8
30.Rc8 Kg7 31.Rc4 Rff7 32.Kf2 Rd5 33.Ke3 Bc5+ 34.Ke4 Rfd7 35.Rfc1 Rd4+ 36.Kf3 Rxc4
37.Rxc4 b6 38.axb6 Bxb6 39.Rc6 Bd4 40.Rd6 Rxd6 41.exd6 Kf7 42.Bxb4 Ke8 43.b3 Kd7
44.Ke4 Bc5 45.Bc3 Kxd6 46.b4 Bg1 47.h3 h5 48.g4 hxg4 49.hxg4 Bh2 50.Be5+ Kc6
51.Kxd3 Kd5 52.g5 Bg1 53.b5 Bb6 54.Kc3 Ba5+ 55.Kd3 Bb6 56.Bc3 Bc7 57.Ke3 Kc4
58.Bf6 Kxb5 59.Ke4 Kc6 60.Be5 Ba5 61.Bb8 Kd7 62.Be5 Ke7 63.Bf6+ Kf7 64.Be5 Bb4  1/2-1/2

[Event "5th Mediterranean Open"]
[Site "Rijeka CRO"]
[Date "2011.11.12"]
[Round "1.18"]
[White "Leskur,D"]
[Black "Cabrijan,I"]
[Result "1-0"]
[WhiteElo "2416"]
[BlackElo "1769"]

1.e4 c5 2.Nf3 Nc6 3.Nc3 g6 4.d4 cxd4 5.Nxd4 Bg7 6.Be3 Nxd4 7.Bxd4 e5 8.Be3 Ne7
9.Qd2 O-O 10.O-O-O a6 11.Bc4 Qc7 12.Bb3 b5 13.h4 h5 14.g4 d5 15.exd5 Bxg4
16.d6 Qd7 17.dxe7 Qxe7 18.Bg5 Qa7 19.Rde1 Qb6 20.Nd5 Qd4 21.Qxd4 exd4 22.Nf6+ Bxf6
23.Bxf6 d3 24.cxd3 Rac8+ 25.Kd2 a5 26.Rc1 a4 27.Rxc8 Rxc8 28.Bd5 Be6 29.Bxe6 fxe6
30.f4 Kf7 31.Be5 Rc5 32.Rc1 Rd5 33.Rc7+ Ke8  1-0

[Event "TCh-CZE Liga1 Vychod"]
[Site "Czech Rep CZE"]
[Date "2011.11.13"]
[Round "3"]
[White "Sikora,J"]
[Black "Mudra,T"]
[Result "0-1"]
[WhiteElo "2251"]
[BlackElo "2171"]

1.e4 c5 2.Nc3 Nc6 3.Nf3 g6 4.d4 cxd4 5.Nxd4 Bg7 6.Be3 d6 7.f3 Nf6 8.g4 O-O
9.Qd2 Nxd4 10.Bxd4 Be6 11.O-O-O Rc8 12.h4 Qa5 13.a3 h5 14.g5 Nd7 15.f4 Bxd4
16.Qxd4 Nb6 17.Nd5 Bxd5 18.exd5 Rc5 19.Bg2 Rfc8 20.Rd2 Rc4 21.Qf2 Na4 22.Rh3 Qb5
23.b3 Nc3 24.Bf1 Qa5 25.Kb2 Ne4 26.Qe3 Nxd2 27.Bxc4 Rxc4 28.Qxe7 Rc8 29.Rd3 Qc5
30.c4 Qf2 31.Kc1 Nxb3+ 32.Kb1 Qf1+  0-1

[Event "FSIM November"]
[Site "Budapest HUN"]
[Date "2011.11.14"]
[Round "10"]
[White "Lyell,M"]
[Black "Szalanczy,E"]
[Result "1-0"]
[WhiteElo "2189"]
[BlackElo "2281"]

1.e4 c5 2.Nc3 Nc6 3.Bb5 Nd4 4.Bc4 e6 5.Nge2 Nf6 6.O-O a6 7.d3 b5 8.Bb3 Bb7
9.f4 Qb6 10.Nxd4 cxd4 11.Ne2 h5 12.Kh1 Be7 13.Bd2 h4 14.Ng1 g6 15.c3 dxc3
16.Bxc3 b4 17.Be1 Rc8 18.Bf2 Bc5 19.Bxc5 Rxc5 20.Qe2 Rhh5 21.Bd1 Rc7 22.Qd2 Rh8
23.Bf3 Kf8 24.Rac1 Rxc1 25.Rxc1 Kg7 26.Nh3 a5 27.Nf2 Bc6 28.b3 Kg8 29.Qb2 Qe3
30.Rf1 Ne8 31.Be2 f5 32.Nd1 Qc5 33.Bf3 Rh7 34.Re1 Rf7 35.d4 Qe7 36.e5 Bxf3
37.gxf3 Nc7 38.Ne3 Nb5 39.Nc4 Qd8 40.Rg1 Rg7 41.Rd1 Qa8 42.Qf2  1-0

[Event "21st World Seniors"]
[Site "Rijeka CRO"]
[Date "2011.11.16"]
[Round "2.22"]
[White "Klundt,K"]
[Black "Harestad,T"]
[Result "1-0"]
[WhiteElo "2383"]
[BlackElo "2172"]

1.e4 c5 2.Nf3 Nc6 3.Nc3 d6 4.d4 cxd4 5.Nxd4 Nf6 6.Bc4 e6 7.Be3 Be7 8.Qe2 a6
9.O-O-O Qc7 10.Bb3 O-O 11.g4 Nxd4 12.Rxd4 b5 13.g5 Nd7 14.h4 Bb7 15.h5 Nc5
16.Qg4 Nxb3+ 17.axb3 d5 18.exd5 exd5 19.Nxd5 Bxd5 20.Rxd5 Rac8 21.Qf5 Qc6
22.Rhd1 a5 23.Rxb5 g6 24.hxg6 hxg6 25.Qd3 Rfd8 26.Qe2 Rxd1+ 27.Kxd1 Rd8+
28.Bd2 Bd6 29.c4 Bf4 30.Rd5 Rxd5 31.cxd5 Qxd5 32.Kc2 Bxd2 33.Qxd2 Qf5+ 34.Kc1 Qb5
35.Qe3 Qd5 36.Kb1 Qb5 37.f4 Qd5 38.Ka2 Kh7 39.Qh3+ Kg8 40.Qc8+ Kh7 41.Qc4 Qb7
42.Ka3 Kg8 43.Ka4 Qa7 44.Kb5 Kh7 45.b4 axb4 46.Kxb4 Qb6+ 47.Ka3 Qa5+ 48.Qa4 Qc5+
49.Qb4 Qa7+ 50.Kb3 Kg8 51.Qe4 Kh7 52.Kc3 Qc7+ 53.Qc4 Qa5+ 54.b4 Qa1+ 55.Kc2 Qa4+
56.Kb2 Kg8 57.Qc8+ Kh7 58.Qc5 Qd1 59.Qe3 Qd5 60.Qe5 Qc4 61.Qd6 Kg8 62.Ka3 Qb5
63.Kb3 Kh7 64.Kc3 Kg8 65.Qe5 Qc6+ 66.Kb3 Qf3+ 67.Ka4 Qa8+ 68.Kb5 Qb7+ 69.Kc5 Qa7+
70.Kc4 Qa2+ 71.Kb5 Qd2 72.Kc5 Qf2+ 73.Kc6 Qf3+ 74.Kc7 Qa3 75.b5 Qa7+ 76.Kc6 Qa8+
77.Kb6 Kh7 78.Qc7 Kg7 79.Qe5+ Kh7 80.Qc7 Kg7 81.Kc5 Qa3+ 82.Kc6 Qa8+ 83.Kd6 Qf8+
84.Kd7 Qb4 85.Qe5+ Kh7 86.Kc7 Qc4+ 87.Kb7  1-0

[Event "FSGM November"]
[Site "Budapest HUN"]
[Date "2011.11.18"]
[Round "14"]
[White "Battey,A"]
[Black "Inants,A"]
[Result "1-0"]
[WhiteElo "2336"]
[BlackElo "2288"]

1.e4 c5 2.Nf3 Nc6 3.Nc3 d6 4.d4 cxd4 5.Nxd4 Nf6 6.Bg5 Qb6 7.Nb3 e6 8.Qd2 Be7
9.Bxf6 gxf6 10.Be2 a6 11.f4 h5 12.a4 Bd7 13.a5 Qc7 14.O-O O-O-O 15.Ra4 d5
16.Nxd5 exd5 17.exd5 Be6 18.Bf3 Bb4 19.Rxb4 Nxb4 20.c4 Nxd5 21.cxd5 Kb8 22.Rc1 Qd6
23.dxe6 Qxd2 24.Nxd2 Rxd2 25.exf7 Rxb2 26.Re1 Rc2 27.Bxh5 Rf8 28.Bg6 Rc7
29.g4 Rd7 30.Re8+ Rd8 31.g5 fxg5 32.Rxf8 Rxf8 33.fxg5 b5 34.axb6 a5 35.Bh5  1-0

[Event "21st World Seniors"]
[Site "Rijeka CRO"]
[Date "2011.11.18"]
[Round "4.7"]
[White "Malmdin,N"]
[Black "Timoscenko,G"]
[Result "1/2-1/2"]
[WhiteElo "2308"]
[BlackElo "2483"]

1.e4 c5 2.Nf3 Nc6 3.Nc3 Nf6 4.d4 cxd4 5.Nxd4 e5 6.Ndb5 d6 7.Bg5 a6 8.Na3 b5
9.Nd5 Be7 10.Bxf6 Bxf6 11.c3 O-O 12.Nc2 Bg5 13.a4 bxa4 14.Rxa4 a5 15.Bc4 Rb8
16.b3 Kh8 17.Nce3 g6 18.Bd3 f5 19.h4 Bxe3 20.Nxe3 f4 21.Nd5 Be6 22.h5 Qg5
23.hxg6 Qxg6 24.Rh2 Rb7 25.Bc2 Rg7 26.Rc4 Nd8 27.Ra4 Nc6 28.Rc4 Nd8 29.Ra4  1/2-1/2

[Event "WYCC U14 Open"]
[Site "Caldas Novas BRA"]
[Date "2011.11.19"]
[Round "2"]
[White "Sanal,V"]
[Black "Aguiar,H"]
[Result "1-0"]
[WhiteElo "2275"]
[BlackElo "2028"]

1.e4 c5 2.Nf3 Nc6 3.Nc3 g6 4.d4 cxd4 5.Nxd4 Bg7 6.Be3 Nf6 7.Bc4 O-O 8.Bb3 a5
9.O-O d6 10.h3 Nxd4 11.Bxd4 Bd7 12.a4 Bc6 13.Qd3 Nd7 14.Bxg7 Kxg7 15.Qd4+ Kg8
16.Rfe1 Nc5 17.Bc4 e5 18.Qe3 Qe7 19.Nd5 Bxd5 20.Bxd5 Rfc8 21.c3 Rab8 22.Re2 b6
23.g3 Kg7 24.f4 f6 25.h4 Qd7 26.h5 Qg4 27.Kh1 g5 28.b4 Nxa4 29.Rxa4 Qh3+
30.Kg1 exf4 31.gxf4 Qg4+ 32.Kf1 axb4 33.h6+ Kxh6 34.Rh2+ Kg7 35.Ra7+ Kf8
36.Rhxh7 Qd1+ 37.Kf2 Qc2+ 38.Qe2  1-0